Most Popular Rap Songs - Statistics

General Stats
  • This quiz has been taken 201 times
  • The average score is 25 of 69
Answer Stats
Artist(s) Song % Correct
50 Cent In Da Club
78%
Kendrick Lamar Humble
68%
Post Malone, 21 Savage Rockstar
66%
DaBaby, Roddy Ricch Rockstar
66%
Eminem Lose Yourself
63%
Drake Gods Plan
61%
Dr Dre, Snoop Dogg Still Dre
56%
Eminem The Real Slim Shady
56%
Outkast Ms Jackson
54%
XXXTentacion SAD
54%
Travis Scott, Drake Sicko Mode
53%
Outkast Hey Ya
52%
Eminem, Rihanna Love The Way You Lie
51%
Lil Nas X, Billy Ray Cyrus Old Town Road
51%
Eminem Without Me
51%
Juice WRLD Lucid Dreams
49%
Roddy Ricch The Box
49%
Travis Scott, Kendrick Lamar Goosebumps
48%
Drake, Wizkid, Kyla One Dance
48%
Eminem Rap God
48%
Post Malone, Swae Lee Sunflower
48%
Kanye West, Jay-Z Niggas In Paris
44%
Coolio, LV Gangstas Paradise
43%
Drake Hotline Bling
42%
Eminem, Nate Dogg Till I Collapse
41%
Lil Uzi Vert XO Tour Life
40%
Jay-Z, Alicia Keys Empire State Of Mind
39%
Kanye West Stronger
39%
50 Cent Candy Shop
38%
J.Cole No Role Modelz
38%
Dr Dre, Snoop Dogg The Next Episode
38%
Eminem Stan
36%
Biggie Smalls Juicy
35%
Migos, Lil Uzi Vert Bad And Boujee
34%
Kendrick Lamar DNA
34%
Fetty Wap Trap Queen
34%
Kendrick Lamar Alright
33%
XXXTentacion Moonlight
33%
Nas NY State Of Mind
33%
2Pac Changes
32%
Post Malone Circles
31%
A$AP Rocky, Skepta Praise The Lord
31%
21 Savage Bank Account
29%
Wiz Khalifa Black And Yellow
29%
Soulja Boy Crank That
29%
Lil Baby, Gunna Drip Too Hard
28%
Mobb Deep Shook Ones
28%
Travis Scott Highest In The Room
26%
French Montana, Swae Lee Unforgettable
26%
Eminem Not Afraid
25%
Snoop Dogg, Pharrell Drop It Like Its Hot
24%
Cardi B, J Balvin, Bad Bunny I Like It
24%
XXXTentacion Jocelyn Flores
24%
Flo Rida, T-Pain Low
24%
Post Malone Better Now
23%
A$AP Rocky, Drake, 2 Chainz, Kendrick Lamar Fuckin Problems
23%
Kanye West Power
23%
Rae Sremmurd, Gucci Mane Black Beatles
22%
Drake, Rihanna Take Care
21%
Drake In My Feelings
18%
Post Malone White Iverson
18%
Post Malone, Ty Dolla $ign Psycho
17%
Lil Baby, Drake Yes Indeed
16%
Drake Nice For What
15%
Drake, Rihanna Too Good
14%
Post Malone, Young Thug Goodbyes
13%
2Pac, Elton John Ghetto Gospel
12%
Drake, Future Jumpman
12%
Post Malone, Quavo Gongratulations
1%
No matching quizzes found
Score Distribution
Percent of People with Each Score
Percentile by Number Answered
Your Score History
You have not taken this quiz